00329nam a2200121Ia 4500008004100000041000800041082001200049100001800061245004100079260004500120300003100165365001100196240624s9999 xx 000 0 und d aeng a920 IYE aIYER RAGHAVAN aESSENTIAL WRITINGS OF MAHATMA GANDHI c2006aNew DelhibOxford University press axvi, : 441 : p. : cm. ; 22 cRSb30